000 00350nam a2200145Ia 4500
100 _aMolchanov/A
650 _aElectrical Engineering
942 _cBK
654 _aRadio Engineering
245 _aElectrical & Radio Engineering For Physicists
260 _bMir Publishers
_aMoscow
_c1973
082 _a621.3
300 _a476
546 _aENGLISH
999 _c23845
_d23845